<?xml version="1.0" encoding="UTF-8"?>
<collection xmlns="http://www.loc.gov/MARC21/slim">
 <record>
  <leader>     na                 </leader>
  <controlfield tag="001">INLIS000000001492183</controlfield>
  <controlfield tag="005">20251126023557</controlfield>
  <datafield tag="035" ind1=" " ind2=" ">
   <subfield code="a">0010-1125000074</subfield>
  </datafield>
  <controlfield tag="007">ta</controlfield>
  <controlfield tag="008">251126                |          | |  </controlfield>
  <datafield tag="082" ind1=" " ind2=" ">
   <subfield code="a">L.310-25015</subfield>
  </datafield>
  <datafield tag="084" ind1=" " ind2=" ">
   <subfield code="a">L.310-25015 INT r</subfield>
  </datafield>
  <datafield tag="100" ind1="0" ind2=" ">
   <subfield code="a">Intan Cahyaning Zuhri</subfield>
   <subfield code="e">Pengarang</subfield>
  </datafield>
  <datafield tag="245" ind1="1" ind2=" ">
   <subfield code="a">RANCANGAN PENYULUHAN TERHADAP MANFAAT POLA KEMITRAAN PADA USAHA TANI JERUK DI KECAMATAN DAU /</subfield>
   <subfield code="c">Polbangtan Malang</subfield>
  </datafield>
  <datafield tag="300" ind1=" " ind2=" ">
   <subfield code="a">159 hlm</subfield>
  </datafield>
  <datafield tag="650" ind1=" " ind2="4">
   <subfield code="a">Jeruk, Usaha Tani, kemitraan, Pendapatan, Penyuluhan.</subfield>
  </datafield>
  <datafield tag="520" ind1=" " ind2=" ">
   <subfield code="a">Jeruk merupakan komoditas hortikultura unggulan di Kecamatan Dau yang&#13;
berperan penting sebagai sumber pendapatan utama bagi masyarakat petani.&#13;
Meski demikian, terdapat perbedaan akses terhadap teknologi, sarana produksi,&#13;
dan pemasaran antara petani yang tergabung dalam pola kemitraan dan yang&#13;
tidak tergabung. Kondisi tersebut menyebabkan timbulnya kesenjangan dalam&#13;
efisiensi usaha tani serta pendapatan di antara kedua kelompok petani.&#13;
Penelitian ini bertujuan untuk: (1) menganalisis usaha tani jeruk pada petani&#13;
mitra dan non-mitra, (2) membandingkan pendapatan dan efisiensi usaha tani&#13;
kedua kelompok tersebut, serta (3) menyusun rancangan penyuluhan tentang&#13;
manfaat pola kemitraan bagi pengembangan usaha tani jeruk di Kecamatan Dau.&#13;
Penelitian menggunakan pendekatan kuantitatif dengan metode survei terhadap&#13;
78 petani mitra dan 83 petani non-mitra, yang dipilih secara purposive sampling.&#13;
Data dikumpulkan melalui wawancara, observasi, dan kuesioner, kemudian&#13;
dianalisis menggunakan analisis usaha tani melalui perhitungan biaya,&#13;
penerimaan, pendapatan, dan rasio B/C petani mitra dan non-mitra, selanjutnya&#13;
melakukan studi komparasi untuk mengetahui perbedaan pendapatan dan&#13;
efisiensi antara petani mitra dan non-mitra, serta penyusunan rancangan&#13;
penyuluhan berbasis hasil analisis usaha tani dan PRA, yang meliputi penetapan&#13;
materi, metode, media, dan evaluasi penyuluhan.&#13;
Hasil penelitian menunjukkan bahwa pendapatan bersih petani mitra sebesar Rp&#13;
134.825.190/ha per pada tahun 2024, lebih tinggi dibanding petani non-mitra&#13;
sebesar Rp 85.940.695/ha. Uji t membuktikan terdapat perbedaan signifikan (p &lt;&#13;
0,05) pada pendapatan antara kedua kelompok, sehingga kemitraan terbukti&#13;
berpengaruh terhadap peningkatan usaha tani. Berdasarkan hasil tersebut, telah&#13;
disusun rancangan penyuluhan yang mencakup tujuan, materi, metode, media,&#13;
dan evaluasi, dengan fokus utama peningkatan pengetahuan dan sikap petani&#13;
non-mitra agar lebih tertarik pada pola kemitraan. Penelitian ini menyimpulkan&#13;
bahwa kemitraan berperan penting dalam meningkatkan kinerja usaha tani, dan&#13;
rancangan penyuluhan yang disusun dapat menjadi rujukan dalam program&#13;
pemberdayaan petani jeruk di Kecamatan Dau.</subfield>
  </datafield>
  <datafield tag="336" ind1=" " ind2=" ">
   <subfield code="2">rdacontent</subfield>
   <subfield code="a">Text</subfield>
  </datafield>
  <datafield tag="337" ind1=" " ind2=" ">
   <subfield code="2">rdamedia</subfield>
   <subfield code="a">Buku Tercetak</subfield>
  </datafield>
  <datafield tag="338" ind1=" " ind2=" ">
   <subfield code="2">rdacarrier</subfield>
   <subfield code="a">Hardcopy</subfield>
  </datafield>
  <datafield tag="856" ind1=" " ind2=" ">
   <subfield code="a">https://repository.polbangtanmalang.ac.id/xmlui/handle/123456789/1994</subfield>
  </datafield>
  <datafield tag="264" ind1=" " ind2=" ">
   <subfield code="a">Malang :</subfield>
   <subfield code="b">Polbangtan Malang,</subfield>
   <subfield code="c">2025</subfield>
  </datafield>
  <datafield tag="990" ind1=" " ind2=" ">
   <subfield code="a">L.310-25015</subfield>
  </datafield>
 </record>
</collection>
